Una proximación integradora de los modelos educativos para la infancia /
| Autor principal: | |
|---|---|
| Formato: | Libro |
| Lenguaje: | inglés |
MARC
| LEADER | 00000cam a2200000 a 4500 | ||
|---|---|---|---|
| 001 | 040112 | ||
| 003 | UAHC_CL | ||
| 005 | 20170803124423.0 | ||
| 008 | 060714b xx j 000 1 eng | ||
| 040 | |a UAHC_CL |c UAHC_CL |d UAHC_CL | ||
| 100 | 1 | |a García García, Mercedes | |
| 245 | 1 | 4 | |a Una proximación integradora de los modelos educativos para la infancia / |c Mercedes García García. |
| 500 | |a Revista Complutense de Educación. --Vol. 1, Nº1 (1990) pp. 86-94. | ||
| 900 | |a REV. COMPLUT. EDUC.-01/90 | ||
| 942 | |c BK | ||
| 999 | |c 40112 |d 40112 | ||